<?xml version="1.0" encoding="UTF-8"?>
<record
    xmlns:xsi="http://www.w3.org/2001/XMLSchema-instance"
    xsi:schemaLocation="http://www.loc.gov/MARC21/slim http://www.loc.gov/standards/marcxml/schema/MARC21slim.xsd"
    xmlns="http://www.loc.gov/MARC21/slim">

  <leader>01581nam a22002057a 4500</leader>
  <controlfield tag="003">IT-MiCISF</controlfield>
  <controlfield tag="005">20230418122635.0</controlfield>
  <controlfield tag="008">230418b        |||||||| |||| 00| 0 eng d</controlfield>
  <datafield tag="040" ind1=" " ind2=" ">
    <subfield code="c">IT-MiCISF</subfield>
  </datafield>
  <datafield tag="041" ind1=" " ind2=" ">
    <subfield code="a">it</subfield>
  </datafield>
  <datafield tag="100" ind1=" " ind2=" ">
    <subfield code="a">Ballerini Luigi</subfield>
    <subfield code="9">59922</subfield>
  </datafield>
  <datafield tag="245" ind1=" " ind2=" ">
    <subfield code="a">Appuntamenti non agguati.</subfield>
    <subfield code="b">Vivere bene la scuola, oggi</subfield>
  </datafield>
  <datafield tag="260" ind1=" " ind2=" ">
    <subfield code="a">Cinisello B. (MI), </subfield>
    <subfield code="b">San Paolo, </subfield>
    <subfield code="c">2020</subfield>
  </datafield>
  <datafield tag="300" ind1=" " ind2=" ">
    <subfield code="a">pp. 218</subfield>
  </datafield>
  <datafield tag="500" ind1=" " ind2=" ">
    <subfield code="a">scuola, problemi-educazione, problemi-apprendimento, nuovi-media, operatori, rapporti-operatori-utenti, esperienze</subfield>
  </datafield>
  <datafield tag="520" ind1=" " ind2=" ">
    <subfield code="a">La scuola &#xE8; una vera e propria citt&#xE0; abitata da giovani e adulti che vivono e trafficano insieme, una citt&#xE0; con le sue regole e norme, le sue sanzioni, le sue consuetudini, il suo linguaggio, i suoi codici. La sua vita insomma, fatta di spiegazioni, verifiche e interrogazioni, ma anche di amori, amicizie, invidie, ripicche, antipatie, preferenze, insofferenze, tranelli, soddisfazioni e gioie. Un luogo mai neutro, sempre di grande impatto sui singoli che lo abitano. Ed &#xE8; proprio considerare protagonisti i ragazzi, in quanto capaci di appassionarsi e di collaborare con i docenti, l'obiettivo di questo libro, che affronta tutti i grandi "nodi" dell'esperienza a scuola: il successo e l'insuccesso, la "fobia scolare", l'alleanza con le famiglie, la scelta delle scuole superiori. Una guida preziosa, una "mappa" per guardare, con serenit&#xE0;, a quel percorso sempre nuovo, a volte faticoso, ricco, sfidante, che porter&#xE0; i nostri figli nella vita adulta.</subfield>
  </datafield>
  <datafield tag="650" ind1=" " ind2=" ">
    <subfield code="a">Scuola</subfield>
    <subfield code="9">59923</subfield>
  </datafield>
  <datafield tag="654" ind1=" " ind2=" ">
    <subfield code="a">saggio</subfield>
  </datafield>
  <datafield tag="942" ind1=" " ind2=" ">
    <subfield code="2">ddc</subfield>
    <subfield code="c">BK</subfield>
  </datafield>
  <datafield tag="999" ind1=" " ind2=" ">
    <subfield code="c">359680</subfield>
    <subfield code="d">359680</subfield>
  </datafield>
  <datafield tag="952" ind1=" " ind2=" ">
    <subfield code="0">0</subfield>
    <subfield code="1">0</subfield>
    <subfield code="2">ddc</subfield>
    <subfield code="4">0</subfield>
    <subfield code="6">A_2406_000000000000000</subfield>
    <subfield code="7">1</subfield>
    <subfield code="a">CISF</subfield>
    <subfield code="b">CISF</subfield>
    <subfield code="d">2023-04-18</subfield>
    <subfield code="l">0</subfield>
    <subfield code="o">A2406</subfield>
    <subfield code="p">9788892223110</subfield>
    <subfield code="r">2023-04-18 00:00:00</subfield>
    <subfield code="w">2023-04-18</subfield>
    <subfield code="y">BK</subfield>
  </datafield>
</record>
